Language Quiz

Random Language or Letter Quiz

1-10 Letter B Words Quiz Stats

 Plays Quiz Updated Jan 23, 2015

Challenge
Share
Tweet
Embed
Score 0/10 Timer 02:00
7 Plays Today
Clue B-Word % Correct
Vitamin family that includes niacin and riboflavinB
100%
A woman with dark hairbrunette
95.4%
The study of life sciencesbiology
95.2%
In proximity toby
94.2%
Strips of cured pig meatbacon
93.9%
A bent throwing club that will return to the throwerboomerang
92.1%
A chemical that can remove the color from somethingbleach
82.9%
A predilection or prejudicebias
77.3%
One that lives in an apiarybee
73%
One who works for an agency specializing in red tape and immutable rulesbureaucrat
54.9%

You're not logged in!

Compare scores with friends on all Sporcle quizzes.
OR
Log In

You Might Also Like...

Show Comments

Extras

Top Quizzes Today


Score Distribution

Your Account Isn't Verified!

In order to create a playlist on Sporcle, you need to verify the email address you used during registration. Go to your Sporcle Settings to finish the process.

Report this User

Report this user for behavior that violates our Community Guidelines.

Details: